000 00685nam a2200265Ia 4500
005 20260121170049.0
008 008 260114s9999 xx 000 0 eng d
020 _a9783658164898
037 _aEBOOK
040 _aCRL
040 _beng
040 _cCRL
041 _2eng
041 _aeng
084 _qCRL
100 _aKim Leonie Kellermann
_91059368
245 4 _aThe Impact of Minimum Wage Regulations on Educational Incentives for the Youth
260 _bSpringer
260 _bSpringer
260 _c2017
856 _uhttps://link.springer.com/openurl?genre=book&isbn=978-3-658-16489-8
942 _cEBOOK
999 _c1625097
_d1625097